000 00353nam a22001217a 4500
008 181127b xxu||||| |||| 00| 0 eng d
041 _aeng
080 _a043.3
100 _a0
101 _aBTH-INI
245 _aElementet lidhëse tek kontruksionet e drurit shqyrtimi i Literaturës ekzistuese dhe rast studimi analitik
_cNurshaba,V
942 _2udc
_cBK
999 _c52566
_d52566